<?xml version="1.0" encoding="UTF-8"?>
<record
    xmlns:xsi="http://www.w3.org/2001/XMLSchema-instance"
    xsi:schemaLocation="http://www.loc.gov/MARC21/slim http://www.loc.gov/standards/marcxml/schema/MARC21slim.xsd"
    xmlns="http://www.loc.gov/MARC21/slim">

  <leader>01632nam2a2200301   4500</leader>
  <controlfield tag="001">rc\3029161</controlfield>
  <controlfield tag="005">20260315065020.0</controlfield>
  <datafield tag="035" ind1=" " ind2=" ">
    <subfield code="a">(NLR Aleph) 007170191</subfield>
  </datafield>
  <datafield tag="090" ind1=" " ind2=" ">
    <subfield code="a">13620621</subfield>
    <subfield code="c">13620621</subfield>
  </datafield>
  <datafield tag="100" ind1=" " ind2=" ">
    <subfield code="a">20110930d1936    u  y0rusy50      ca</subfield>
  </datafield>
  <datafield tag="101" ind1="0" ind2=" ">
    <subfield code="a">rus</subfield>
  </datafield>
  <datafield tag="102" ind1=" " ind2=" ">
    <subfield code="a">RU</subfield>
  </datafield>
  <datafield tag="105" ind1=" " ind2=" ">
    <subfield code="a">a   z   |||||</subfield>
  </datafield>
  <datafield tag="200" ind1="0" ind2=" ">
    <subfield code="a">7</subfield>
    <subfield code="h">1</subfield>
    <subfield code="i">&#x421;&#x43D;&#x438;&#x436;&#x435;&#x43D;&#x438;&#x435; &#x441;&#x43E;&#x43F;&#x440;&#x43E;&#x442;&#x438;&#x432;&#x43B;&#x435;&#x43D;&#x438;&#x44F; &#x434;&#x432;&#x438;&#x436;&#x435;&#x43D;&#x438;&#x44F; &#x431;&#x443;&#x440;&#x438;&#x43B;&#x44C;&#x43D;&#x43E;&#x433;&#x43E; &#x440;&#x430;&#x441;&#x442;&#x432;&#x43E;&#x440;&#x430; &#x43F;&#x443;&#x442;&#x435;&#x43C; &#x432;&#x432;&#x435;&#x434;&#x435;&#x43D;&#x438;&#x44F; &#x442;&#x440;&#x443;&#x431;&#x43D;&#x44B;&#x445; &#x437;&#x430;&#x43C;&#x43A;&#x43E;&#x432; &#x43F;&#x43E;&#x43B;&#x43D;&#x43E;&#x433;&#x43E; &#x432;&#x43D;&#x443;&#x442;&#x440;&#x435;&#x43D;&#x43D;&#x435;&#x433;&#x43E; &#x441;&#x435;&#x447;&#x435;&#x43D;&#x438;&#x44F;</subfield>
    <subfield code="f">&#x41C;&#x430;&#x440;&#x447;, &#x420;. &#x416;&#x438;&#x43B;&#x431;&#x435;&#x440;&#x442;, &#x412;.</subfield>
    <subfield code="h">2</subfield>
    <subfield code="i">&#x423;&#x434;&#x43B;&#x438;&#x43D;&#x435;&#x43D;&#x438;&#x435; &#x441;&#x440;&#x43E;&#x43A;&#x430; &#x441;&#x43B;&#x443;&#x436;&#x431;&#x44B; &#x438; &#x440;&#x435;&#x43C;&#x43E;&#x43D;&#x442; &#x441;&#x442;&#x430;&#x440;&#x44B;&#x445; &#x434;&#x43E;&#x43B;&#x43E;&#x442;&#x44C;&#x435;&#x432;</subfield>
    <subfield code="f">&#x411;&#x430;&#x443;&#x438;, &#x421;.</subfield>
  </datafield>
  <datafield tag="210" ind1=" " ind2=" ">
    <subfield code="d">1936</subfield>
  </datafield>
  <datafield tag="215" ind1=" " ind2=" ">
    <subfield code="a">24 &#x441;.</subfield>
    <subfield code="c">&#x438;&#x43B;., &#x442;&#x430;&#x431;&#x43B;., &#x447;&#x435;&#x440;&#x442;., &#x433;&#x440;&#x430;&#x444;.</subfield>
  </datafield>
  <datafield tag="225" ind1="1" ind2=" ">
    <subfield code="a">&#x418;&#x43D;&#x43E;&#x441;&#x442;&#x440;&#x430;&#x43D;&#x43D;&#x430;&#x44F; &#x43D;&#x435;&#x444;&#x442;&#x44F;&#x43D;&#x430;&#x44F; &#x442;&#x435;&#x445;&#x43D;&#x438;&#x43A;&#x430;</subfield>
    <subfield code="f">&#x41D;&#x41A;&#x422;&#x41F; - &#x421;&#x421;&#x421;&#x420; - &#x413;&#x43B;&#x430;&#x432;&#x43D;&#x435;&#x444;&#x442;&#x44C;. &#x426;&#x435;&#x43D;&#x442;&#x440;. &#x438;&#x43D;-&#x442; &#x441;&#x43E;&#x446;&#x438;&#x430;&#x43B;&#x438;&#x441;&#x442;. &#x43E;&#x431;&#x43C;&#x435;&#x43D;&#x430; &#x43E;&#x43F;&#x44B;&#x442;&#x43E;&#x43C; &#x43D;&#x435;&#x444;&#x442;&#x44F;&#x43D;&#x43E;&#x439; &#x43F;&#x440;&#x43E;&#x43C;&#x44B;&#x448;&#x43B;&#x435;&#x43D;&#x43D;&#x43E;&#x441;&#x442;&#x438; &#x421;&#x421;&#x421;&#x420;</subfield>
    <subfield code="v">&#x412;&#x44B;&#x43F;. 403</subfield>
  </datafield>
  <datafield tag="300" ind1=" " ind2=" ">
    <subfield code="a">&#x41D;&#x430;&#x441;&#x442;&#x43E;&#x44F;&#x449;&#x438;&#x439; &#x432;&#x44B;&#x43F;&#x443;&#x441;&#x43A; &#x432;&#x445;&#x43E;&#x434;&#x438;&#x442; &#x432; "&#x411;&#x438;&#x431;&#x43B;&#x438;&#x43E;&#x442;&#x435;&#x447;&#x43A;&#x443; &#x442;&#x435;&#x445;&#x43D;&#x438;&#x447;&#x435;&#x441;&#x43A;&#x438;&#x445; &#x43F;&#x435;&#x440;&#x435;&#x432;&#x43E;&#x434;&#x43E;&#x432;" &#x43F;&#x43E; &#x432;&#x43E;&#x43F;&#x440;&#x43E;&#x441;&#x430;&#x43C; &#x43D;&#x435;&#x444;&#x442;&#x44F;&#x43D;&#x43E;&#x433;&#x43E; &#x431;&#x443;&#x440;&#x435;&#x43D;&#x438;&#x44F; &#x2116; 37</subfield>
  </datafield>
  <datafield tag="320" ind1=" " ind2=" ">
    <subfield code="a">&#x411;&#x438;&#x431;&#x43B;&#x438;&#x43E;&#x433;&#x440;.: &#x441;. 23-24</subfield>
  </datafield>
  <datafield tag="461" ind1=" " ind2="0">
    <subfield code="1">001rc\3029156</subfield>
    <subfield code="1">2000#$a&#x41F;&#x440;&#x43E;&#x431;&#x43B;&#x435;&#x43C;&#x44B; &#x431;&#x443;&#x440;&#x435;&#x43D;&#x438;&#x44F;$eIV-$v7</subfield>
    <subfield code="9">7338067</subfield>
    <subfield code="c">&#x411;&#x430;&#x43A;&#x443;</subfield>
    <subfield code="d">1935</subfield>
    <subfield code="n">&#x41E;&#x41D;&#x422;&#x418; &#x410;&#x437;&#x43D;&#x435;&#x444;&#x442;&#x435;&#x438;&#x437;&#x434;&#x430;&#x442;</subfield>
    <subfield code="o">IV-</subfield>
    <subfield code="t">&#x41F;&#x440;&#x43E;&#x431;&#x43B;&#x435;&#x43C;&#x44B; &#x431;&#x443;&#x440;&#x435;&#x43D;&#x438;&#x44F;</subfield>
    <subfield code="v">7</subfield>
  </datafield>
  <datafield tag="700" ind1=" " ind2="1">
    <subfield code="a">&#x41C;&#x430;&#x440;&#x447;</subfield>
    <subfield code="b">&#x420;.</subfield>
  </datafield>
  <datafield tag="701" ind1=" " ind2="1">
    <subfield code="a">&#x416;&#x438;&#x43B;&#x431;&#x435;&#x440;&#x442;</subfield>
    <subfield code="b">&#x412;.</subfield>
  </datafield>
  <datafield tag="701" ind1=" " ind2="1">
    <subfield code="a">&#x411;&#x430;&#x443;&#x438;</subfield>
    <subfield code="b">&#x421;.</subfield>
  </datafield>
  <datafield tag="801" ind1=" " ind2="0">
    <subfield code="a">RU</subfield>
    <subfield code="b">NLR</subfield>
    <subfield code="g">psbo</subfield>
  </datafield>
  <datafield tag="801" ind1=" " ind2="1">
    <subfield code="a">RU</subfield>
    <subfield code="b">ELAR</subfield>
    <subfield code="2">rusmarc</subfield>
  </datafield>
  <datafield tag="852" ind1=" " ind2=" ">
    <subfield code="a">NLR</subfield>
    <subfield code="j">35-17/383</subfield>
  </datafield>
  <datafield tag="942" ind1=" " ind2=" ">
    <subfield code="c">UNSPEC</subfield>
  </datafield>
  <datafield tag="980" ind1=" " ind2=" ">
    <subfield code="a">NB</subfield>
  </datafield>
</record>
